00717nam a22002657a 45000050016000000080041000160100015000570200026000720350013000980370013001110400013001240820013001371000019001502450076001692500011002452600034002562700046002903000037003365000050003736100003004236500003004266510003004297000016004327100003004482011042609209.0110426t xxu||||| |||| 00| 0 eng d aENG-102308 a9788120342828c350.00 aEN-85841 bDBAD/PUB adplbEng a658.5752 aChitale, A. K. aProduct design and manufacturing /cby A. K. Chitale [and] R. C. Gupta a5th ed aNew DelhibPHI Learningc2011 aM-97, Connaught CircusbNew Delhie110001 axvii, 554 p. :c24cm (pbk)bill. aIncludes bibliographical references and index    aGupta, R.C.